Datum a čas kvízu
39.5
Celkem bodů
Celkový počet nahraných bodů na tomto kvízu bez doplňovacích otázek.
2.
Pořadí na kvízu
Konečné umístění týmu na tomto kvízu.
Zaznamenané odpovědi
| # | Otázka | Odpověď | Body | Výsledky |
|---|---|---|---|---|
| 1. | Premiér Fiala se při své návšt... | Horáková | 1 | |
| 2. | Záplavy minulý týden velmi ztí... | Dubaj | 1 | |
| 3. | Ve čtvrtek vystoupil v brněnsk... | Slash | 0 | |
| 4. | České vývojářské studio Warhor... | Kingdom Come: Deliverance | 1 | |
| 5. | 21letý litevský reprezentant M... | C) hod diskem | 1 | |
| 6. | Jihoafrická republika má de fa... | Kapské město; Bloemfontein | 0.5 | |
| 7. | Chemický prvek hafnium dostal... | o Kodaň | 0 | |
| 8. | Nyní vám dáme na výběr, zda si... | Windhoek; Manila | 0 | |
| 9. | Které malebné a nepříliš lidna... | Lublaň | 1 | |
| 10. | Napište, které hlavní město (s... | Reykjavík; Wellington | 1 |